Figure Out the Classic Novel II Quiz Stats

 Plays Quiz Updated Jul 21, 2019

Score 0/257 Timer 10:00
4 Plays Today
Answer % Correct
I
98.2%
the
97.6%
the
97.6%
the
97.6%
the
97.6%
the
97.6%
the
97.6%
the
97.6%
the
97.6%
the
97.6%
the
97.6%
the
97.6%
the
97.6%
the
97.6%
a
97.5%
a
97.5%
a
97.5%
a
97.5%
a
97.5%
a
97.5%
a
97.5%
a
97.5%
it
88.3%
it,
88.3%
it
88.3%
it
88.3%
it
88.3%
it
88.3%
it,
88.3%
it
88.3%
it,
88.3%
it,
88.3%
it
88.3%
be
83.1%
be
83.1%
she
82.6%
she
82.6%
she
82.6%
she
82.6%
she
82.6%
she
82.6%
she
82.6%
to
82%
to
82%
to
82%
to
82%
to
82%
to
82%
to
82%
to
82%
to
82%
was
80.3%
was
80.3%
was
80.3%
was
80.3%
was
80.3%
and
80%
'and
80%
and
80%
and
80%
and
80%
and
80%
and
80%
and
80%
in
78.6%
in
78.6%
in
78.6%
in
78.6%
on
78.1%
on,
78.1%
is
76.7%
no
75.3%
of
74.1%
of
74.1%
of
74.1%
of
74.1%
of
74.1%
of
74.1%
of
74.1%
of
74.1%
do:
70.4%
her
70.3%
her
70.3%
her
70.3%
her
70.3%
her.
70.3%
Answer % Correct
her
70.3%
her
70.3%
her
70.3%
when
69.3%
(when
69.3%
when
69.3%
for
68.9%
for
68.9%
So
67%
so
67%
so
67%
There
66.7%
what
63.2%
time
59.7%
time
59.7%
that;
59.3%
that
59.2%
that
59.2%
could,
59%
then
57.8%
see
57.2%
(as
56.7%
as
56.7%
at
56.4%
at
56.4%
at
56.4%
had
54.9%
had
54.9%
had
54.9%
would
54.7%
but
54.4%
but
54.4%
but
54.4%
or
53.2%
or
53.2%
or
53.2%
or
53.2%
day
53.2%
have
52.1%
this,
51.3%
all
50.5%
did
50.1%
with
49%
with
49%
with
49%
up
48.7%
by
48.3%
by
48.3%
out
47.2%
out
47.2%
out
47.2%
say
45.3%
its
44.9%
over
44.9%
never
44.8%
way
43.5%
down
43.5%
under
42.4%
get
42.4%
thought
42.1%
thought
42.1%
just
41.9%
hear
40.9%
very
40.2%
very
40.2%
very
40.2%
very
40.2%
once
39.9%
after
39.7%
nothing
39.5%
nothing
39.5%
before
39.1%
take
38.9%
into
38.9%
think
38.8%
much
38.7%
seen
38%
well
37.7%
White
37%
made
36.7%
took
36.7%
ran
36.6%
ran
36.6%
shall
36.3%
sister
36.1%
sister
36.1%
Answer % Correct
looked
35.9%
nor
35.4%
seemed
35.3%
'without
35.1%
feel
35%
own
34.9%
use
34.7%
late!'
34.4%
Alice
34.3%
Alice
34.3%
Alice
34.3%
Alice
34.3%
book
34.2%
book,'
34.2%
beginning
34.1%
mind
34%
mind
34%
tired
33.8%
Rabbit
33.7%
Rabbit
33.7%
Rabbit
33.7%
rabbit
33.7%
rabbit
33.7%
watch
33.6%
watch
33.6%
eyes
33.5%
hole
33.2%
hot
33.1%
sitting
32.8%
'Oh
32.8%
Oh
32.8%
twice
32.4%
reading,
32.3%
having
32.2%
close
31.9%
pocket,
31.7%
pocket,
31.7%
occurred
31.2%
pictures
31.1%
pictures
31.1%
large
31%
quite
30.9%
bank,
30.9%
either
30.8%
suddenly
30.7%
dear!
30.7%
dear!
30.7%
ought
30.7%
waistcoat
30.5%
waistcoat
30.5%
sleepy
30.4%
whether
30.4%
feet,
30.4%
across
30.4%
across
30.4%
field
30.3%
getting
30.2%
started
30%
making
29.9%
worth
29.8%
itself,
29.8%
trouble
29.8%
pink
29.8%
daisy
29.7%
chain
29.7%
conversation?'
29.7%
wondered
29.5%
hurried
29.5%
conversations
29.4%
pleasure
29.4%
stupid),
29.4%
peeped
29.3%
pop
29.2%
picking
29.2%
daisies,
29.2%
considering
29.2%
afterwards,
29.1%
actually
29.1%
natural);
29.1%
remarkable
29%
hedge.
29%
flashed
28.9%
burning
28.9%
curiosity,
28.8%
fortunately
28.8%

You're not logged in!

Compare scores with friends on all Sporcle quizzes.
OR
Log In

Sporcle TV

Today on Sporcle TV


Watch our educational content, quiz creation guides, and fun videos on Sporcle TV.

Show Comments

Extras

Top Quizzes Today


Score Distribution

Your Account Isn't Verified!

In order to create a playlist on Sporcle, you need to verify the email address you used during registration. Go to your Sporcle Settings to finish the process.

Report this User

Report this user for behavior that violates our Community Guidelines.

Details: